Response of Wheat to Different Rates of Zinc and Nitrogen under Varying Levels of Moisture Stress (Record no. 50482)

MARC details
000 -LEADER
fixed length control field 00458nam a22001697a 4500
003 - CONTROL NUMBER IDENTIFIER
control field OSt
008 - FIXED-LENGTH DATA ELEMENTS--GENERAL INFORMATION
fixed length control field 260506b |||||||| |||| 00| 0 eng d
082 ## - DEWEY DECIMAL CLASSIFICATION NUMBER
Classification number 633.11
Item number V78R
100 ## - MAIN ENTRY--PERSONAL NAME
Personal name Kumar, Vinod
245 ## - TITLE STATEMENT
Title Response of Wheat to Different Rates of Zinc and Nitrogen under Varying Levels of Moisture Stress
260 ## - PUBLICATION, DISTRIBUTION, ETC. (IMPRINT)
Place of publication, distribution, etc Pusa, Samastipur
Name of publisher, distributor, etc RAU
Date of publication, distribution, etc 1982
300 ## - PHYSICAL DESCRIPTION
Extent 98P.
502 ## - DISSERTATION NOTE
Degree type Msc.
Year degree granted 1982
650 ## - SUBJECT ADDED ENTRY--TOPICAL TERM
Topical term or geographic name as entry element Agronomy
650 ## - SUBJECT ADDED ENTRY--TOPICAL TERM
Topical term or geographic name as entry element Msc.
942 ## - ADDED ENTRY ELEMENTS (KOHA)
Source of classification or shelving scheme
Koha item type Thesis
Holdings
Withdrawn status Lost status Source of classification or shelving scheme Damaged status Not for loan Home library Current library Date acquired Source of acquisition Total Checkouts Full call number Barcode Date last seen Bill Date Koha item type Bill Number
          Dr. Rajendra Prasad Central Agricultural University Pusa, Dr. Rajendra Prasad Central Agricultural University Pusa, 06/05/2026 By Authors   633.11 V78R 34593 06/05/2026 06/05/2026 Thesis Gift
Hosted, Implemented, Customized & Maintained by: BestBookBuddies

Powered by Koha